000 00690cam a2200241u 4500
999 _c7575
_d7575
001 5987073
003 GBCCL
005 20241126110631.0
008 810114s1943 ohu 000 0 eng
010 _a 43015978
040 _aDLC
_cCarP
_dDLC
050 0 0 _aBV4832
_b.H87
082 _a242
_bHUN
100 1 _aHunley, J. B.
_q(John Bunyan),
_d1881-1959.
_913381
245 1 0 _aAltar fires of faith,
260 _aCincinnati, Ohio,
_bThe Standard publishing company
_c[1943]
300 _ap. cm.
650 0 _aDevotional exercises.
_9446
650 0 _aCalendars.
_98904
906 _a0
_bcbc
_cpremunv
_du
_encip
_f19
_gy-gencatlg
942 _2ddc
_cBK